000 00547nam a2200193 i 4500
001 41564
003 ES-MaACL
005 20230906160443.0
007 t|
008 030311s1946 fr ||||1| fre d
100 1 _aCassan, Urbain.
_936341
245 1 0 _aHommes, maisons, paysages
_b: essai sur l'euvironnement humain /
_cUrbain Cassan.
260 _aParis :
_bPlon et Nourrit,
_c[1946]
300 _a234 p. ;
_c19 cm.
490 1 _aPrésences
830 0 _aPrésences
_9182391
852 _aES-MaACL
_jD-5499
_bR.30962
999 _c41564
_d41564